Τι είναι Αυτό που το Λέμε Επιστήμη; / Μια Προσέγγιση της Φύσης, του Καθεστώτος και των Μεθόδων της Επιστήμης (Record no. 4326)
[ view plain ]
| 000 -LEADER | |
|---|---|
| fixed length control field | 02228cam a22002174a 4500 |
| 005 - ΗΜΕΡΟΜΗΝΙΑ ΚΑΙ ΩΡΑ ΤΕΛΕΥΤΑΙΑΣ ΕΝΗΜΕΡΩΣΗΣ | |
| Πεδίο ελέγχου | 20250605164143.0 |
| 008 - FIXED-LENGTH DATA ELEMENTS--GENERAL INFORMATION | |
| Πεδίο ελέγχου σταθερού μήκους | 250528s ||||||||||||||||||||||||d |
| 035 ## - SYSTEM CONTROL NUMBER | |
| System control number | 19042 |
| 020 ## - ISBN | |
| ISBN | 9607309677 |
| 040 ## - ΠΗΓΗ ΚΑΤΑΛΟΓΟΓΡΑΦΗΣΗΣ | |
| Φορέας πρωτότυπης καταλογογράφησης | MC Athens Campus Library |
| Γλώσσα καταλογογράφησης | Ελληνικά, Μοντέρνα (1453-) |
| Modifying agency | MC Athens Campus Library |
| Κανόνες περιγραφικής καταλογογράφησης | AACR2 |
| 245 1# - ΤΙΤΛΟΣ ΚΑΙ ΔΗΛΩΣΗ ΥΠΕΥΘΥΝΟΤΗΤΑΣ | |
| Τίτλος | Τι είναι Αυτό που το Λέμε Επιστήμη; / Μια Προσέγγιση της Φύσης, του Καθεστώτος και των Μεθόδων της Επιστήμης |
| 250 ## - EDITION STATEMENT | |
| Edition statement | 3η |
| 260 ## - PUBLICATION, DISTRIBUTION, ETC. | |
| Name of publisher, distributor, etc. | Πανεπιστημιακές Εκδόσεις Κρήτης, |
| Date of publication, distribution, etc. | 1998 |
| 300 ## - PHYSICAL DESCRIPTION | |
| Extent | 276 |
| 520 ## - SUMMARY, ETC. | |
| Summary, etc. | Μια εξαίρετη και πλήρως ενημερωμένη εισαγωγή στην επιστημονική περιοχή που πραγματεύεται την ''Νέα Φιλοσοφία της Επιστήμης'', καθώς και την κριτική αποτίμηση τους από τους μεταγενέστερους μελετητές. Εισαγωγή, Επαγωγισμός: Η Επιστήμη ως Γνώση Προερχόμενη από τα Γεγονότα της Εμπειρίας, Ο Πρόβλημα της Επαγωγής, Η Εξάρτηση της Παρατήρησης από τη Θεωρία, Εισαγωγή στη Διαψυσιοκρατία, Εκλεπτυσμένη Διαψευσιοκρατία και Νέες Προβλέψεις και Ανάπτυξη, Τα Όρια της Διαψευσιοκρατίας, Οι Θεωρίες ως Δομές: 1. Ερευνητικά Προγράμματα, Οι Θεωρίες ως Δομές: 2. Τα Παραδείγματα κατά Κούν, Ορθολογισμός Εναντίον Σχετικισμού, Αντικειμενισμός, Μια Αντικειμενική Περιγραφή της Αλλαγής Θεωριών στη Φυσική, Η Αναρχική Θεωρία Γνώσης του Φεγιεραμπεντ, Ρεαλισμός και Εργαλειοκρατία και Αλήθεια, Μη Αναπαραστατικός Ρεαλισμός, Ευρετήριο. |
| 700 1# - ΠΡΟΣΘΕΤΗ ΑΝΑΓΡΑΦΗ--ΦΥΣΙΚΟ ΠΡΟΣΩΠΟ | |
| Personal name | Chalmers A. F |
| 9 (RLIN) | 5312 |
| 700 1# - ΠΡΟΣΘΕΤΗ ΑΝΑΓΡΑΦΗ--ΦΥΣΙΚΟ ΠΡΟΣΩΠΟ | |
| Personal name | Μπαλτάς Αριστείδης |
| 9 (RLIN) | 4958 |
| 942 ## - ADDED ENTRY ELEMENTS (KOHA) | |
| Koha item type | Books |
| Τύπος τεκμηρίου | Βιβλιοθήκη | Τρέχουσα τοποθεσία | Barcode | Αριθμός εισαγωγής | Ημερομηνία απόκτησης | Ταξιθετικό σύμβολο | Αριθμός αντιτύπου | Κατάσταση απόσυρσης | Κατάσταση χαμένου | Κατάσταση κατεστραμμένου | Μη δανεισμός | Σύνολο δανεισμών | Ημερομηνία τελευταίας εμφάνισης | Η τιμή ισχύει από |
|---|---|---|---|---|---|---|---|---|---|---|---|---|---|---|
| Books | MC Athens Campus Library | MC Athens Campus Library | 9780000043252 | 3979 | 05/06/2025 | 501 CHA | 1 | 05/06/2025 | 05/06/2025 |